<?xml version="1.0" encoding="UTF-8"?>
<record
    xmlns:xsi="http://www.w3.org/2001/XMLSchema-instance"
    xsi:schemaLocation="http://www.loc.gov/MARC21/slim http://www.loc.gov/standards/marcxml/schema/MARC21slim.xsd"
    xmlns="http://www.loc.gov/MARC21/slim">

  <leader>00602nam a22001817a 4500</leader>
  <controlfield tag="005">20240326134420.0</controlfield>
  <controlfield tag="008">230811b      |||||||| |||| 00| 0 eng d</controlfield>
  <datafield tag="020" ind1=" " ind2=" ">
    <subfield code="a">9788126 578832</subfield>
  </datafield>
  <datafield tag="041" ind1=" " ind2=" ">
    <subfield code="a">eng</subfield>
  </datafield>
  <datafield tag="082" ind1=" " ind2=" ">
    <subfield code="a">720.22</subfield>
    <subfield code="b">LEW/LIN/LEI</subfield>
  </datafield>
  <datafield tag="100" ind1=" " ind2=" ">
    <subfield code="a">Lewrick M </subfield>
    <subfield code="9">204315</subfield>
  </datafield>
  <datafield tag="245" ind1=" " ind2=" ">
    <subfield code="a">Design Thinking Playbook: Mindful Digital Transformation Of TeamsProducts Services BusinessAnd Ecosystems</subfield>
  </datafield>
  <datafield tag="260" ind1=" " ind2=" ">
    <subfield code="a">New Jersey</subfield>
    <subfield code="b">John Wiley &amp; Sons,INC.</subfield>
    <subfield code="c">2018</subfield>
  </datafield>
  <datafield tag="300" ind1=" " ind2=" ">
    <subfield code="a">352p</subfield>
  </datafield>
  <datafield tag="365" ind1=" " ind2=" ">
    <subfield code="a">INR</subfield>
    <subfield code="b">749.50</subfield>
    <subfield code="c">Rupaye</subfield>
  </datafield>
  <datafield tag="500" ind1=" " ind2=" ">
    <subfield code="a">Understand Design Thinking
Transform Organizations
Deign The Future
</subfield>
  </datafield>
  <datafield tag="942" ind1=" " ind2=" ">
    <subfield code="c">BK</subfield>
  </datafield>
  <datafield tag="999" ind1=" " ind2=" ">
    <subfield code="c">355773</subfield>
    <subfield code="d">355773</subfield>
  </datafield>
  <datafield tag="952" ind1=" " ind2=" ">
    <subfield code="0">0</subfield>
    <subfield code="1">0</subfield>
    <subfield code="2">ddc</subfield>
    <subfield code="4">0</subfield>
    <subfield code="7">0</subfield>
    <subfield code="8">Book of Digital Architecture</subfield>
    <subfield code="a">BNCA</subfield>
    <subfield code="b">BNCA</subfield>
    <subfield code="d">2023-08-11</subfield>
    <subfield code="e">Word Book Shop</subfield>
    <subfield code="f">B Arch</subfield>
    <subfield code="g">749.50</subfield>
    <subfield code="i">801</subfield>
    <subfield code="l">2</subfield>
    <subfield code="o">720.28 LEW/LIN/LEI</subfield>
    <subfield code="p">BNCA-BK-12253</subfield>
    <subfield code="q">2024-10-29</subfield>
    <subfield code="r">2024-10-22 00:00:00</subfield>
    <subfield code="s">2024-10-22</subfield>
    <subfield code="t">37%</subfield>
    <subfield code="v">749.50</subfield>
    <subfield code="w">2023-08-09</subfield>
    <subfield code="y">BK</subfield>
    <subfield code="z">BNCA-BK-12253</subfield>
  </datafield>
  <datafield tag="952" ind1=" " ind2=" ">
    <subfield code="0">0</subfield>
    <subfield code="1">0</subfield>
    <subfield code="2">ddc</subfield>
    <subfield code="4">0</subfield>
    <subfield code="7">0</subfield>
    <subfield code="8">Book of Digital Architecture</subfield>
    <subfield code="a">BNCA</subfield>
    <subfield code="b">BNCA</subfield>
    <subfield code="d">2023-08-11</subfield>
    <subfield code="e">Word Book Shop</subfield>
    <subfield code="g">749.00</subfield>
    <subfield code="i">801</subfield>
    <subfield code="l">2</subfield>
    <subfield code="o">720.28 LEW/LIN/LEI</subfield>
    <subfield code="p">BNCA-BK-12254</subfield>
    <subfield code="r">2025-04-23 00:00:00</subfield>
    <subfield code="s">2024-12-31</subfield>
    <subfield code="t">37%</subfield>
    <subfield code="v">749.00</subfield>
    <subfield code="w">2023-08-11</subfield>
    <subfield code="y">BK</subfield>
    <subfield code="z">BK12254</subfield>
  </datafield>
  <datafield tag="952" ind1=" " ind2=" ">
    <subfield code="0">0</subfield>
    <subfield code="1">0</subfield>
    <subfield code="2">ddc</subfield>
    <subfield code="4">0</subfield>
    <subfield code="7">0</subfield>
    <subfield code="8">Book of Digital Architecture</subfield>
    <subfield code="a">BNCA</subfield>
    <subfield code="b">BNCA</subfield>
    <subfield code="d">2023-08-11</subfield>
    <subfield code="e">Word Book Shop</subfield>
    <subfield code="g">749.00</subfield>
    <subfield code="i">801</subfield>
    <subfield code="l">1</subfield>
    <subfield code="o">720.28 LEW/LIN/LEI</subfield>
    <subfield code="p">BNCA-BK-12255</subfield>
    <subfield code="r">2023-11-08 00:00:00</subfield>
    <subfield code="s">2023-11-02</subfield>
    <subfield code="t">37%</subfield>
    <subfield code="v">749.00</subfield>
    <subfield code="w">2023-08-11</subfield>
    <subfield code="y">BK</subfield>
    <subfield code="z">BK12255</subfield>
  </datafield>
  <datafield tag="952" ind1=" " ind2=" ">
    <subfield code="0">0</subfield>
    <subfield code="1">0</subfield>
    <subfield code="2">ddc</subfield>
    <subfield code="4">0</subfield>
    <subfield code="7">0</subfield>
    <subfield code="8">Book of B Arch</subfield>
    <subfield code="a">BNCA</subfield>
    <subfield code="b">BNCA</subfield>
    <subfield code="d">2023-08-11</subfield>
    <subfield code="e">Word Book Shop</subfield>
    <subfield code="g">749.00</subfield>
    <subfield code="i">801</subfield>
    <subfield code="l">0</subfield>
    <subfield code="o">720.28 LEW/LIN/LEI</subfield>
    <subfield code="p">BNCA-BK-12256</subfield>
    <subfield code="r">2023-08-11 00:00:00</subfield>
    <subfield code="t">37%</subfield>
    <subfield code="v">749.00</subfield>
    <subfield code="w">2023-08-11</subfield>
    <subfield code="y">BK</subfield>
    <subfield code="z">BK12256</subfield>
  </datafield>
  <datafield tag="952" ind1=" " ind2=" ">
    <subfield code="0">0</subfield>
    <subfield code="1">0</subfield>
    <subfield code="2">ddc</subfield>
    <subfield code="4">0</subfield>
    <subfield code="7">0</subfield>
    <subfield code="8">Book of B Arch</subfield>
    <subfield code="a">BNCA</subfield>
    <subfield code="b">BNCA</subfield>
    <subfield code="d">2023-08-11</subfield>
    <subfield code="e">Word Book Shop</subfield>
    <subfield code="g">749.00</subfield>
    <subfield code="i">801</subfield>
    <subfield code="l">0</subfield>
    <subfield code="o">720.28 LEW/LIN/LEI</subfield>
    <subfield code="p">BNCA-BK-12257</subfield>
    <subfield code="r">2023-08-11 00:00:00</subfield>
    <subfield code="t">37%</subfield>
    <subfield code="v">749.00</subfield>
    <subfield code="w">2023-08-11</subfield>
    <subfield code="y">BK</subfield>
    <subfield code="z">BK12257</subfield>
  </datafield>
</record>
